[Event "Warsaw (Poland)"]
[Site "?"]
[Date "2003.??.??"]
[Round "1"]
[White "Miton Kamil"]
[Black "Krasenkow Michal"]
[Result "0-1"]
[WhiteElo "2600"]
[BlackElo "2676"]
[PlyCount "70"]
[EventDate "2003.??.??"]
[Source "www.chesslib.no"]
[SourceDate "2004.05.04"]

1. d4 d5 2. c4 e6 3. Nc3 c6 4. Nf3 dxc4 5. a4 Bb4 6. e3 b5 7. Bd2 a5 8. axb5 Bxc3 9. Bxc3 cxb5 10. b3 Bb7 11. d5 Nf6 12. bxc4 b4 13. Bxf6 Qxf6 14. Qa4+ Nd7 15. Nd4 e5 16. Nb3 Ke7 17. Be2 Qd6 18. f4 Rhc8 19. O-O Nc5 20. Nxc5 Rxc5 21. Rad1 e4 22. Qa1 Kf8 23. Qe5 Qxe5 24. fxe5 a4 25. Bh5 f6 26. exf6 g6 27. Bg4 a3 28. d6 b3 29. d7 Rd8 30. Rd6 Bc6 31. Bd1 b2 32. Bb3 Rxd7 33. Rd4 Rf5 34. Rfd1 Rxd4 35. exd4 Ba4 0-1

[Event "RUS Cup final 5th"]
[Site "Kazan"]
[Date "2001.10.12"]
[Round "11"]
[White "Kharlov, Andrei"]
[Black "Filippov, Valerij"]
[Result "0-1"]
[WhiteElo "2656"]
[BlackElo "2617"]
[PlyCount "88"]
[EventDate "2001.10.02"]
[Source "ChessBase"]
[SourceDate "2001.02.01"]

1. d4 d5 2. c4 e6 3. Nc3 c6 4. e4 dxe4 5. Nxe4 Bb4+ 6. Bd2 Qxd4 7. Bxb4 Qxe4+ 8. Ne2 Na6 9. Bf8 Ne7 10. Bxg7 Rg8 11. Bf6 Qxc4 12. Ng3 Qf4 13. Bc3 Nc5 14. Qc2 e5 15. Qxh7 Bg4 16. h3 Be6 17. Nh5 Qe4+ 18. Qxe4 Nxe4 19. Bxe5 O-O-O 20. g4 Bd5 21. f3 Ng5 22. Bg2 Bxf3 23. O-O Bxg2 24. Kxg2 Rd2+ 25. Rf2 Rxf2+ 26. Kxf2 Nxh3+ 27. Kg3 Ng5 28. Rf1 Nd5 29. Nf6 Nxf6 30. Bxf6 Ne4+ 31. Kh4 Rg6 32. g5 Nxf6 33. gxf6 Kd7 34. Rf2 c5 35. b3 b5 36. Kh3 Kc6 37. Kh4 c4 38. bxc4 bxc4 39. Rf5 Kd6 40. Kh5 Rg8 41. Rf2 Kc5 42. Kh6 Rg6+ 43. Kh7 c3 44. Rf3 Kd4 0-1

[Event "60th ch-RUS Superfinal"]
[Site "Moscow RUS"]
[Date "2007.12.26"]
[Round "7"]
[White "Sakaev, K."]
[Black "Timofeev, Arty"]
[Result "0-1"]
[WhiteElo "2634"]
[BlackElo "2637"]
[PlyCount "78"]
[EventDate "2007.12.18"]
[Source "www.chesslib.no"]
[SourceDate "2004.05.04"]

1. d4 d5 2. c4 e6 3. Nc3 c6 4. e4 dxe4 5. Nxe4 Bb4+ 6. Bd2 Qxd4 7. Bxb4 Qxe4+ 8. Be2 Na6 9. Bd6 Qxg2 10. Qd2 Nf6 11. Bf3 Qg6 12. O-O-O e5 13. Bxe5 Be6 14. Ne2 Qf5 15. Qe3 Nb4 16. Nd4 Nxa2+ 17. Kd2 O-O-O 18. Ke1 Rxd4 19. Rxd4 Nb4 20. Bd1 Re8 21. Rg1 Bxc4 22. f4 Nbd5 23. Rxd5 Nxd5 24. Qxa7 Rxe5+ 25. fxe5 Qxe5+ 26. Kf2 Qxh2+ 27. Rg2 Qh4+ 28. Rg3 Qf6+ 29. Bf3 Qxb2+ 30. Kg1 g6 31. Qa8+ Kd7 32. Rg4 Qb3 33. Bg2 Qb6+ 34. Kh2 Ne3 35. Re4 Be6 36. Bh3 Qb2+ 37. Kg3 Qb3 38. Bxe6+ fxe6 39. Qf8 Nf5+ 0-1

[Event "Presidents Cup"]
[Site "Elista"]
[Date "1998.??.??"]
[Round "1.2"]
[White "Georgiev, Kiril"]
[Black "Sveshnikov, Evgeny"]
[Result "1-0"]
[WhiteElo "2675"]
[BlackElo "2595"]
[PlyCount "75"]
[EventDate "1998.05.07"]
[Source "ChessBase"]
[SourceDate "1998.08.06"]

1. d4 d5 2. c4 e6 3. Nc3 c6 4. e3 Bd6 5. Qc2 f5 6. Bd3 Nf6 7. f4 O-O 8. Nf3 Ne4 9. O-O Nd7 10. c5 Bc7 11. Bd2 Nxd2 12. Qxd2 Nf6 13. b4 Bd7 14. Ne5 Qe7 15. b5 cxb5 16. Nxd7 Qxd7 17. Nxb5 Rfc8 18. Rab1 Ne8 19. Nxc7 Rxc7 20. Rb5 Nf6 21. Rfb1 Rf8 22. Ra5 a6 23. Ra3 h6 24. Rab3 Rf7 25. Rb6 g5 26. Rd6 Qc8 27. fxg5 hxg5 28. e4 f4 29. exd5 exd5 30. Re1 Rc6 31. Re5 Rxc5 32. Rxg5+ Kf8 33. Qb4 Rc1+ 34. Kf2 Rc2+ 35. Kf3 Ke8 36. Re5+ Re7 37. Rxe7+ Kxe7 38. Rc6+ 1-0

[Event "Cap d'Agde-B"]
[Site "?"]
[Date "2002.10.26"]
[Round "5"]
[White "Onischuk Alexander"]
[Black "Fressinet Laurent"]
[Result "1/2-1/2"]
[WhiteElo "2649"]
[BlackElo "2619"]
[PlyCount "52"]
[EventDate "2002.??.??"]
[Source "www.chesslib.no"]
[SourceDate "2004.05.04"]

1. d4 d5 2. c4 e6 3. Nc3 c6 4. e4 Bb4 5. cxd5 exd5 6. exd5 cxd5 7. Nf3 Nc6 8. Bd3 Nge7 9. O-O O-O 10. Qc2 h6 11. h3 Be6 12. Bf4 Rc8 13. Qb3 Qd7 14. Nb5 a6 15. Na7 Nxa7 16. Qxb4 Nac6 17. Qd6 Qxd6 18. Bxd6 Rfd8 19. Bc5 Bf5 20. Be2 Ng6 21. Rfe1 Nf4 22. Bf1 Bd3 23. Re3 Bxf1 24. Kxf1 Ne6 25. Rc3 Re8 26. g3 f6 1/2-1/2

[Event "EU-ch 1st 5'"]
[Site "Neum"]
[Date "2000.10.04"]
[Round "10"]
[White "Sokolov, Ivan"]
[Black "Nikolic, Predrag"]
[Result "1/2-1/2"]
[WhiteElo "2611"]
[BlackElo "2657"]
[PlyCount "139"]
[EventDate "2000.10.04"]
[Source "www.chesslib.no"]
[SourceDate "2004.05.04"]

1. d4 d5 2. c4 e6 3. Nc3 c6 4. Nf3 Bd6 5. e4 dxe4 6. Nxe4 Bb4+ 7. Bd2 Bxd2+ 8. Qxd2 Nf6 9. Bd3 Nxe4 10. Bxe4 Nd7 11. O-O Nf6 12. Bc2 O-O 13. Rad1 Qb6 14. Rfe1 Rd8 15. Qc3 Bd7 16. Ne5 Be8 17. c5 Qc7 18. Nc4 b6 19. Nd6 Nd5 20. Qh3 g6 21. Qg3 Qe7 22. Bb3 Qf6 23. Bxd5 cxd5 24. b4 Ba4 25. Rd2 a6 26. Rc1 Qe7 27. Qf4 Rd7 28. h4 h5 29. Re1 Rad8 30. Re3 Kg7 31. Ra3 Bb5 32. Rg3 Qf6 33. Qg5 Qxg5 34. hxg5 Rxd6 35. cxd6 Rxd6 36. Rc3 Bc4 37. a4 Rd8 38. Kh2 f6 39. gxf6+ Kxf6 40. Re3 g5 41. Rc2 Rf8 42. Rf3+ Ke7 43. Rxf8 Kxf8 44. a5 bxa5 45. bxa5 Ke7 46. Rb2 Kf6 47. Kg3 Kf5 48. Kf3 h4 49. Rb8 g4+ 50. Ke3 Bf1 51. Rh8 Kg5 52. Rg8+ Kf5 53. Rh8 h3 54. gxh3 gxh3 55. Kf3 Bg2+ 56. Kg3 Ke4 57. Rh4+ Kd3 58. Kh2 Kc4 59. Rh6 Kxd4 60. Rxe6 Kc5 61. Rxa6 d4 62. Re6 d3 63. Re1 Kd4 64. f4 Bf3 65. f5 d2 66. Ra1 Ke5 67. a6 d1=Q 68. Rxd1 Bxd1 69. a7 Bf3 70. Kxh3 1/2-1/2

[Event "Reykjavik ISL"]
[Site "?"]
[Date "2006.03.12"]
[Round "7"]
[White "Mamedyarov Shakhriyar"]
[Black "Tregubov Pavel V"]
[Result "1-0"]
[WhiteElo "2709"]
[BlackElo "2556"]
[PlyCount "55"]
[EventDate "2006.??.??"]
[Source "www.chesslib.no"]
[SourceDate "2004.05.04"]

1. d4 d5 2. c4 e6 3. Nc3 c6 4. e4 dxe4 5. Nxe4 Bb4+ 6. Bd2 Qxd4 7. Bxb4 Qxe4+ 8. Be2 Na6 9. Bd6 e5 10. Nf3 Bg4 11. O-O O-O-O 12. b4 Nf6 13. Re1 Bxf3 14. Bxf3 Qxc4 15. Rxe5 Nxb4 16. Re7 Nbd5 17. Rc1 Qh4 18. g3 Qh3 19. Bxd5 Rxd6 20. Qb3 Nd7 21. Bg2 Qh6 22. Rb1 b6 23. Qa3 a5 24. Bh3 c5 25. Bg4 Qf6 26. Rxd7 Rxd7 27. Rd1 Rhd8 28. Qa4 1-0

[Event "Hoogovens op"]
[Site "Wijk aan Zee"]
[Date "1995.??.??"]
[Round "5"]
[White "Onischuk, Alexander"]
[Black "Piket, Jeroen"]
[Result "1/2-1/2"]
[WhiteElo "2590"]
[BlackElo "2670"]
[PlyCount "109"]
[EventDate "1995.01.??"]
[Source "ChessBase"]

1. c4 e6 2. Nc3 d5 3. d4 c6 4. e4 dxe4 5. Nxe4 Bb4+ 6. Bd2 Qxd4 7. Bxb4 Qxe4+ 8. Be2 Ne7 9. Bc3 O-O 10. Nf3 c5 11. O-O f6 12. Bd3 Qf4 13. Qc2 Ng6 14. h4 Qg4 15. Nh2 Qxh4 16. f4 Nc6 17. Bxg6 hxg6 18. Qxg6 Bd7 19. Rad1 Rad8 20. Qe4 Bc8 21. Nf3 Qg4 22. Rde1 Rd6 23. Re3 a6 24. Rfe1 Rfd8 25. Nh2 Qf5 26. Qxf5 exf5 27. Re8+ Kf7 28. Rxd8 Rxd8 29. Nf3 Be6 30. b3 b5 31. cxb5 axb5 32. Rc1 Bd5 33. Be1 Bxf3 34. gxf3 Nd4 35. Rxc5 Ra8 36. Bf2 Nxf3+ 37. Kg2 Nd2 38. Rxb5 Rxa2 39. Be3 Nxb3+ 40. Kf3 Nd2+ 41. Bxd2 Rxd2 42. Rxf5 Rd3+ 43. Ke2 Rc3 44. Ra5 Kg6 45. Kf2 Kh6 46. Kg2 g6 47. Ra6 f5 48. Kf2 Kh5 49. Rb6 Kg4 50. Rxg6+ Kxf4 51. Ra6 Rc2+ 52. Kf1 Kg4 53. Ra3 f4 54. Rb3 Rd2 55. Ra3 1/2-1/2

[Event "Russia 81/57"]
[Site "?"]
[Date "2001.??.??"]
[Round "?"]
[White "Bareev, E."]
[Black "Popov, Val"]
[Result "1-0"]
[WhiteElo "2709"]
[BlackElo "2545"]
[PlyCount "61"]
[EventDate "2001.??.??"]
[Source "Chess Informant"]
[SourceDate "2001.02.01"]

1. d4 d5 2. c4 e6 3. Nc3 c6 4. e3 f5 5. g4 fxg4 6. Qxg4 Nf6 7. Qg2 c5 8. dxc5 Na6 9. Bd2 Nxc5 10. Nf3 a6 11. cxd5 b5 12. Nd4 b4 13. Nd1 Bb7 14. Bxb4 Nxd5 15. Bxc5 Bxc5 16. Qxg7 Qa5+ 17. Nc3 O-O-O 18. Nb3 Qb4 19. Nxc5 Qxc5 20. Qe5 Qb4 21. Bh3 Nc7 22. e4 Qxb2 23. O-O Rhg8+ 24. Kh1 Rg6 25. Rac1 Rdg8 26. f3 Kb8 27. Rcd1 Rg5 28. Qf6 Rc5 29. Rd8+ Rxd8 30. Qxd8+ Bc8 31. Na4 1-0

[Event "Keres mem rap"]
[Site "Tallinn"]
[Date "2002.01.06"]
[Round "7"]
[White "Lautier, Joel"]
[Black "Sveshnikov, Evgeny"]
[Result "1/2-1/2"]
[WhiteElo "2687"]
[BlackElo "2565"]
[PlyCount "49"]
[EventDate "2002.01.05"]
[Source "ChessBase"]
[SourceDate "2002.03.21"]

1. d4 d5 2. c4 e6 3. Nc3 c6 4. e3 Bd6 5. Bd3 f5 6. f4 Nf6 7. Nf3 O-O 8. O-O b6 9. Qe2 Ba6 10. Ne5 Ne4 11. Rd1 Bxe5 12. fxe5 Nd7 13. Bd2 Kh8 14. Be1 Rc8 15. Rac1 Qe7 16. b4 Nxc3 17. Rxc3 Bxc4 18. Bxc4 dxc4 19. Rxc4 b5 20. Rc2 Nb6 21. Rc5 Na4 22. Rc2 Nb6 23. Rc5 Na4 24. Rc2 Nb6 25. Rc5 1/2-1/2

[Event "Dos Hermanas 82/(361)"]
[Site "?"]
[Date "2001.??.??"]
[Round "?"]
[White "Gurevich, M."]
[Black "Vallejo Pons, F."]
[Result "1/2-1/2"]
[WhiteElo "2688"]
[BlackElo "2559"]
[PlyCount "34"]
[EventDate "2001.??.??"]
[Source "Chess Informant"]
[SourceDate "2001.06.01"]

1. c4 e6 2. Nc3 d5 3. d4 c6 4. e4 dxe4 5. Nxe4 Bb4+ 6. Bd2 Qxd4 7. Bxb4 Qxe4+ 8. Be2 Na6 9. Bc3 f6 10. Qd6 Ne7 11. O-O-O e5 12. Bh5+ Ng6 13. Qd8+ Kf7 14. Rd7+ Ke6 15. Rd6+ Kf7 16. Rd7+ Ke6 17. Rd6+ Kf7 1/2-1/2

[Event "57th ch-RUS Qualifier"]
[Site "St Petersburg"]
[Date "2004.05.29"]
[Round "8"]
[White "Epishin, Vladimir"]
[Black "Tregubov, Pavel V"]
[Result "1-0"]
[WhiteElo "2610"]
[BlackElo "2636"]
[PlyCount "97"]
[EventDate "2004.05.01"]
[Source "Roberto Alvarez"]
[SourceDate "2004.05.31"]

1. d4 d5 2. c4 e6 3. Nc3 c6 4. e3 Bd6 5. Be2 f5 6. f4 Nf6 7. Nf3 O-O 8. O-O b6 9. Bd2 Bb7 10. Be1 Ne4 11. b4 Nxc3 12. Bxc3 Nd7 13. Rb1 Nf6 14. Qc2 dxc4 15. Bxc4 Nd5 16. Bd2 Qe7 17. a3 Rac8 18. Qb3 Ba8 19. Rbe1 c5 20. dxc5 bxc5 21. e4 fxe4 22. Rxe4 cxb4 23. axb4 Kh8 24. Ng5 Nxf4 25. Rexf4 Bxf4 26. Rxf4 Rxf4 27. Bxf4 Qb7 28. Bf1 Qd5 29. Qh3 Qf5 30. Nxe6 Qxh3 31. gxh3 Rc2 32. Be3 Bd5 33. Nd4 Rb2 34. b5 Ra2 35. Nc6 a5 36. Bb6 a4 37. Nb4 Rd2 38. Be3 Rd1 39. Nxd5 Rxd5 40. b6 a3 41. b7 Rd8 42. Bb6 Rb8 43. Bg2 a2 44. Bd4 Kg8 45. Bd5+ Kf8 46. h4 g6 47. Be5 Ke7 48. h3 Kd7 49. Kh2 1-0

[Event "China - Russia 82/358"]
[Site "?"]
[Date "2001.??.??"]
[Round "?"]
[White "Liang, Chong"]
[Black "Dreev, A."]
[Result "0-1"]
[WhiteElo "2556"]
[BlackElo "2690"]
[PlyCount "118"]
[EventDate "2001.??.??"]
[Source "Chess Informant"]
[SourceDate "2001.06.01"]

1. d4 d5 2. c4 e6 3. Nc3 c6 4. cxd5 exd5 5. Nf3 Bf5 6. Bg5 Qb6 7. Qd2 Nd7 8. e3 Ngf6 9. Bxf6 Nxf6 10. Bd3 Bxd3 11. Qxd3 Qxb2 12. Rb1 Qa3 13. O-O Bb4 14. Rb3 Qa5 15. Ne2 O-O 16. Qb1 Bd6 17. Rxb7 Rab8 18. Ng3 g6 19. Rb3 Rxb3 20. axb3 Rb8 21. Rc1 Qb5 22. Nd2 Bb4 23. Ngf1 Rb6 24. h3 a5 25. Qc2 Kg7 26. Nb1 c5 27. dxc5 Rc6 28. Qb2 Rxc5 29. Rxc5 Bxc5 30. Nc3 Qb7 31. Na4 Be7 32. Qc3 Bb4 33. Qd4 Qc6 34. g4 Kg8 35. Qb6 Qe6 36. Ng3 Nd7 37. Qd4 Ne5 38. Kg2 Nc6 39. Qd3 d4 40. exd4 Qd5+ 41. Qe4 Qxe4+ 42. Nxe4 Nxd4 43. Nec5 Kf8 44. f4 Ke7 45. Kf2 Kd6 46. Ne4+ Kc6 47. Ng5 Bd2 48. Nxf7 Bxf4 49. h4 Nxb3 50. Kf3 Bd2 51. Ke2 Kb5 52. Nb2 Bc3 53. Nd3 a4 54. Nd6+ Kc6 55. Nc4 Bd4 56. h5 Kd5 57. Na3 g5 58. Kf3 Bc5 59. Nxc5 Nxc5 0-1

[Event "Valle d'Aosta op 10th"]
[Site "Valle d'Aosta"]
[Date "2002.02.15"]
[Round "7"]
[White "Epishin, Vladimir"]
[Black "Malakhov, Vladimir"]
[Result "1/2-1/2"]
[WhiteElo "2599"]
[BlackElo "2647"]
[PlyCount "90"]
[EventDate "2002.02.09"]
[Source "ChessBase"]
[SourceDate "2002.03.14"]

1. d4 d5 2. c4 e6 3. Nc3 c6 4. e4 dxe4 5. Nxe4 Bb4+ 6. Nc3 c5 7. Be3 Nf6 8. Rc1 Qa5 9. Bd3 Qxa2 10. Nge2 Qa5 11. O-O cxd4 12. Nxd4 O-O 13. Ne4 Nbd7 14. Nb5 a6 15. Nbd6 Bxd6 16. Nxd6 Nc5 17. Bd4 Rd8 18. Bxf6 gxf6 19. Bxh7+ Kf8 20. Rc2 Qc7 21. Rd2 Ke7 22. Nxf7 Rxd2 23. Qxd2 Kxf7 24. Qh6 Qd6 25. Bg6+ Ke7 26. Qh8 Kd7 27. b4 Nb3 28. Qg7+ Kd8 29. c5 Qd5 30. Re1 Bd7 31. Qxf6+ Kc7 32. Qf4+ Kc8 33. h4 Rb8 34. h5 Bc6 35. Qg4 Kc7 36. Qg3+ Kd7 37. Bf7 Nd4 38. h6 Rh8 39. Qg7 Qxg2+ 40. Qxg2 Bxg2 41. Kxg2 Rxh6 42. Rd1 e5 43. f4 Rf6 44. Bd5 Rxf4 45. Bxb7 Kc7 1/2-1/2

[Event "Lindsborg Rotary Open"]
[Site "?"]
[Date "2002.12.20"]
[Round "4"]
[White "Onischuk Alexander"]
[Black "Novikov Igor A"]
[Result "1-0"]
[WhiteElo "2649"]
[BlackElo "2592"]
[PlyCount "109"]
[EventDate "2002.??.??"]
[Source "www.chesslib.no"]
[SourceDate "2004.05.04"]

1. d4 d5 2. c4 e6 3. Nc3 c6 4. e4 dxe4 5. Nxe4 Bb4+ 6. Bd2 Qxd4 7. Bxb4 Qxe4+ 8. Be2 Na6 9. Bc3 Ne7 10. Bxg7 Rg8 11. Bf6 Qf4 12. Bc3 Rxg2 13. Nf3 Nf5 14. Be5 Qh6 15. Qd2 Qxd2+ 16. Nxd2 Rg6 17. Ne4 Ke7 18. h4 c5 19. h5 Rh6 20. Bf4 Bd7 21. f3 Bc6 22. Kf2 e5 23. Bxh6 Nxh6 24. Rhg1 Bxe4 25. fxe4 Nc7 26. Rad1 Ne6 27. Bf1 Nd4 28. Bh3 Ng8 29. Rg5 Kd6 30. Rg7 Ke7 31. h6 Nxh6 32. Rxh7 Ng8 33. Rh8 Rf8 34. Ke3 Nc2+ 35. Kd3 Nd4 36. Rg1 Nf6 37. Rxf8 Kxf8 38. Rg5 Nc6 39. a3 Nh7 40. Rh5 Nf6 41. Rh8+ Ke7 42. Bc8 Nd8 43. b4 cxb4 44. axb4 b6 45. Bf5 Ne8 46. c5 Nc7 47. Rh6 bxc5 48. bxc5 Nb7 49. Kc4 Na5+ 50. Kb4 Nb7 51. Bc8 Nd8 52. Rd6 Nde6 53. Bxe6 Nxe6 54. Kc4 Nc7 55. Rd1 1-0

[Event "Andorra (zt) 74/85"]
[Site "?"]
[Date "1998.??.??"]
[Round "?"]
[White "Gurevich, Mikhail"]
[Black "Lautier, Joel"]
[Result "1-0"]
[WhiteElo "2610"]
[BlackElo "2625"]
[PlyCount "81"]
[EventDate "1998.??.??"]
[Source "ChessBase"]
[SourceDate "1998.10.01"]

1. c4 e6 2. Nc3 d5 3. d4 c6 4. e3 Bd6 5. Nf3 f5 6. Ne5 Nf6 7. f4 O-O 8. Be2 b6 9. O-O Bb7 10. Bd2 Qe7 11. Be1 Ne4 12. Nxe4 fxe4 13. Bc3 Nd7 14. Nxd7 Qxd7 15. b4 c5 16. dxc5 bxc5 17. b5 Rad8 18. Qd2 Qe7 19. Kh1 Qh4 20. cxd5 exd5 21. Be5 Bxe5 22. fxe5 Qe7 23. Rxf8+ Rxf8 24. Rc1 Qg5 25. Kg1 d4 26. Bc4+ Kh8 27. e6 Bd5 28. e7 Rg8 29. h4 Qe5 30. Bxd5 Qxd5 31. Qf2 dxe3 32. Qf8 Qe6 33. Rxc5 e2 34. Kf2 Qd7 35. Rf5 e3+ 36. Kxe2 Qd2+ 37. Kf3 Qf2+ 38. Ke4 Qxg2+ 39. Kxe3 Qg3+ 40. Ke2 Qg2+ 41. Kd3 1-0

[Event "Camp. francese a squadre - Top 16 GpA"]
[Site "Marsiglia FRA"]
[Date "2007.02.10"]
[Round "2"]
[White "Jedynak, R."]
[Black "Vallejo Pons, F."]
[Result "1/2-1/2"]
[WhiteElo "2554"]
[BlackElo "2679"]
[PlyCount "128"]
[EventDate "2007.02.09"]
[Source "www.chesslib.no"]
[SourceDate "2004.05.04"]

1. d4 d5 2. c4 e6 3. Nc3 c6 4. e4 dxe4 5. Nxe4 Bb4+ 6. Nc3 c5 7. Nf3 Nf6 8. a3 Bxc3+ 9. bxc3 Qa5 10. Bd2 Ne4 11. Bd3 Nxd2 12. Qxd2 O-O 13. O-O cxd4 14. cxd4 Qxd2 15. Nxd2 Rd8 16. Nf3 Nc6 17. Rfd1 Kf8 18. Be4 Na5 19. c5 Bd7 20. Rdb1 Rab8 21. Rb4 Bc6 22. Bxc6 Nxc6 23. Rc4 Rd5 24. g3 g5 25. h3 Ke7 26. Rb1 Kd7 27. Kg2 Kc7 28. Re1 h6 29. Re4 Kd7 30. Re1 Rd8 31. g4 Ke7 32. Re4 f6 33. Rc1 Nxd4 34. Rb1 Nxf3 35. Kxf3 R8d7 36. Ra4 a6 37. c6 bxc6 38. Rxa6 Rc5 39. Rbb6 Rd3+ 40. Kg2 Kd6 41. Rb8 Ke5 42. Rc8 Rd6 43. Rb6 Rc2 44. Rb3 c5 45. Rh8 c4 46. Re3+ Kd4 47. Rxh6 Rc3 48. Re1 e5 49. h4 gxh4 50. Rxh4 Rxa3 51. g5+ Kd5 52. g6 f5 53. Rh6 Rd8 54. Rb1 Rg8 55. Rb5+ Kd4 56. Rb6 c3 57. Rh7 Ra5 58. Kf3 e4+ 59. Kf4 Ra2 60. Kg3 c2 61. Rc7 Kd3 62. Rbc6 Rb2 63. g7 Kd2 64. Kf4 c1=Q 1/2-1/2

[Event "Reykjavik op"]
[Site "Reykjavik"]
[Date "1996.??.??"]
[Round "7"]
[White "Gulko, Boris F"]
[Black "Hansen, Curt"]
[Result "1/2-1/2"]
[WhiteElo "2615"]
[BlackElo "2615"]
[PlyCount "50"]
[EventDate "1996.03.??"]
[Source "ChessBase"]

1. c4 e6 2. Nc3 d5 3. d4 c6 4. e3 Nf6 5. b3 Bb4 6. Bb2 Nbd7 7. a3 Bd6 8. Nf3 b6 9. Bd3 Bb7 10. O-O O-O 11. b4 dxc4 12. Bxc4 a5 13. b5 Qb8 14. bxc6 Bxc6 15. d5 exd5 16. Nxd5 b5 17. Ba2 Ra6 18. Rc1 Bxd5 19. Bxd5 Ne5 20. Nxe5 Bxe5 21. Bxe5 Qxe5 22. Rc5 Qd6 23. Rxb5 Nxd5 24. Rxd5 Qxa3 25. Qa1 Qxa1 1/2-1/2

[Event "Moscow RUS"]
[Site "?"]
[Date "2002.??.??"]
[Round "3"]
[White "Najer Evgeniy"]
[Black "Malakhov Vladimir"]
[Result "1-0"]
[WhiteElo "2616"]
[BlackElo "2613"]
[PlyCount "59"]
[EventDate "2002.??.??"]
[Source "www.chesslib.no"]
[SourceDate "2004.05.04"]

1. d4 d5 2. c4 e6 3. Nc3 c6 4. e4 dxe4 5. Nxe4 Bb4+ 6. Bd2 Qxd4 7. Bxb4 Qxe4+ 8. Be2 Na6 9. Ba5 b6 10. Qd6 Bd7 11. Bc3 f6 12. O-O-O O-O-O 13. Qa3 Kb7 14. Bf3 Qf4+ 15. Rd2 Nb8 16. Ne2 Qxc4 17. Rhd1 Qc5 18. Qxc5 bxc5 19. Nf4 Ne7 20. Nxe6 Bxe6 21. Rxd8 Rxd8 22. Rxd8 Bxa2 23. Re8 Nd5 24. Rg8 g6 25. Rg7+ Kc8 26. Rxa7 Nxc3 27. bxc3 Bd5 28. Bxd5 cxd5 29. Rxh7 Nd7 30. f4 1-0

[Event "Madrid"]
[Site "?"]
[Date "1996.??.??"]
[Round "?"]
[White "San Segundo, P."]
[Black "Shirov, A."]
[Result "0-1"]
[WhiteElo "2535"]
[BlackElo "2690"]
[PlyCount "116"]
[EventDate "1996.??.??"]
[Source "ChessBase"]
[SourceDate "1996.02.01"]

1. d4 d5 2. c4 c6 3. Nc3 e6 4. e4 Bb4 5. Bd2 dxc4 6. Bxc4 Nf6 7. Qe2 Qxd4 8. Nf3 Qd8 9. O-O Nbd7 10. a3 Be7 11. Rac1 O-O 12. e5 Nd5 13. Rfd1 b6 14. Ne4 Bb7 15. Bd3 c5 16. Neg5 g6 17. Qe4 Re8 18. Qh4 Nf8 19. Bb5 a6 20. Bxe8 Qxe8 21. Qh6 Qa4 22. b4 Qxa3 23. bxc5 bxc5 24. Ne4 Ne3 25. Bxe3 Bxe4 26. Bg5 Bxg5 27. Nxg5 Bd5 28. Qh4 Qb4 29. Qg3 Rb8 30. h4 a5 31. Nh3 a4 32. Nf4 Bb3 33. Re1 Qd2 34. Qg5 Rd8 35. Rf1 Rd4 36. g3 Bc4 37. Rfe1 h5 38. Qf6 a3 39. Nh3 Nd7 40. Qd8+ Kg7 41. Ng5 a2 42. Nf3 Qd3 43. Nxd4 Qxd4 44. Rxc4 a1=Q 45. Rxa1 Qxa1+ 46. Kg2 Qa2 47. Rf4 Qd5+ 48. Kf1 Nxe5 49. Qxd5 exd5 50. Ra4 Kf6 51. Ra5 Nd7 52. Ke2 d4 53. Kd3 Ke5 54. Kc4 Ke4 55. f4 d3 56. Kc3 Nb6 57. Ra1 Nd5+ 58. Kd2 c4 0-1

[Event "Russia (ch) 73/455"]
[Site "?"]
[Date "1998.??.??"]
[Round "?"]
[White "Dreev, Alexey"]
[Black "Sveshnikov, Evgeny"]
[Result "1-0"]
[WhiteElo "2645"]
[BlackElo "2575"]
[PlyCount "73"]
[EventDate "1998.??.??"]
[Source "ChessBase"]
[SourceDate "1998.06.01"]

1. d4 d5 2. c4 e6 3. Nc3 c6 4. e4 dxe4 5. Nxe4 Bb4+ 6. Bd2 Qxd4 7. Bxb4 Qxe4+ 8. Be2 c5 9. Bxc5 Nd7 10. Bd6 Qxg2 11. Bf3 Qg5 12. h4 Qf6 13. Qb3 Ne7 14. Ne2 O-O 15. Ng3 Ne5 16. Be4 N5c6 17. Bxc6 bxc6 18. Nh5 Qf5 19. Bxe7 Re8 20. Nf6+ gxf6 21. Rg1+ Kh8 22. O-O-O Ba6 23. Qe3 Rxe7 24. Qh6 Qg6 25. Rxg6 fxg6 26. h5 e5 27. b3 Rg7 28. Rd6 Rag8 29. Rxc6 Bc8 30. Rxf6 gxh5 31. Qxh5 Rg5 32. Qf7 R5g7 33. Qh5 Rg5 34. Qh6 R5g7 35. c5 Re8 36. Qh5 Bd7 37. Kb2 1-0

[Event "Jugoslavija"]
[Site "?"]
[Date "1995.??.??"]
[Round "?"]
[White "Sakaev, K."]
[Black "Beliavsky, A."]
[Result "1/2-1/2"]
[WhiteElo "2570"]
[BlackElo "2650"]
[PlyCount "83"]
[EventDate "1995.??.??"]
[Source "ChessBase"]
[SourceDate "1995.10.01"]

1. c4 e6 2. Nc3 d5 3. d4 c6 4. Nf3 dxc4 5. Bg5 f6 6. Bh4 Nh6 7. e4 b5 8. a4 a6 9. g4 Be7 10. e5 f5 11. Bxe7 Qxe7 12. g5 Nf7 13. Rg1 Bb7 14. g6 hxg6 15. Rxg6 Nd7 16. Rxg7 O-O-O 17. Qe2 Rdg8 18. Rg3 Nb6 19. Bg2 Ng5 20. O-O-O b4 21. a5 bxc3 22. axb6 cxb2+ 23. Qxb2 Ne4 24. Rxg8+ Rxg8 25. Bf1 c3 26. Qa2 Kd7 27. Bc4 Rg2 28. Rf1 Rg6 29. h4 Qf8 30. Bxa6 Bxa6 31. Qxa6 Qb4 32. Qa2 Qxb6 33. h5 Rg8 34. Kc2 Qb5 35. Qa7+ Ke8 36. Qa8+ Kf7 37. Qa7+ Kf8 38. Qa8+ Kg7 39. Rg1+ Kh6 40. Qxg8 Qe2+ 41. Kb3 Qb2+ 42. Ka4 1/2-1/2

[Event "Campionato europeo 2007"]
[Site "Dresda GER"]
[Date "2007.04.06"]
[Round "4"]
[White "Volkov, Sergey"]
[Black "Kempinski, Robert"]
[Result "1-0"]
[WhiteElo "2640"]
[BlackElo "2579"]
[PlyCount "43"]
[EventDate "2007.04.03"]
[Source "www.chesslib.no"]
[SourceDate "2004.05.04"]

1. d4 d5 2. c4 e6 3. Nc3 c6 4. e4 dxe4 5. Nxe4 Bb4+ 6. Bd2 Qxd4 7. Bxb4 Qxe4+ 8. Be2 Na6 9. Ba5 f6 10. Nf3 b6 11. Nd2 Qf4 12. Bh5+ g6 13. Bf3 Ne7 14. Bc3 Nc5 15. g3 Qf5 16. O-O e5 17. b4 Nb7 18. b5 c5 19. Be4 Qe6 20. f4 Rb8 21. Qa4 Na5 22. Bxa5 1-0

[Event "RUS"]
[Site "?"]
[Date "2006.04.22"]
[Round "3"]
[White "Riazantsev Alexander"]
[Black "Galkin Alexander"]
[Result "1-0"]
[WhiteElo "2593"]
[BlackElo "2618"]
[PlyCount "121"]
[EventDate "2006.??.??"]
[Source "www.chesslib.no"]
[SourceDate "2004.05.04"]

1. d4 d5 2. c4 e6 3. Nc3 c6 4. e4 dxe4 5. Nxe4 Bb4+ 6. Bd2 Qxd4 7. Bxb4 Qxe4+ 8. Be2 Na6 9. Bd6 e5 10. Nf3 Bg4 11. O-O O-O-O 12. b4 Nf6 13. Re1 Bxf3 14. Bxf3 Qxc4 15. Rxe5 Nxb4 16. Re7 Nbd5 17. Rc1 Qh4 18. g3 Qh3 19. Bxd5 Rxd6 20. Qb3 Nd7 21. Bg2 Qh5 22. h4 Rd8 23. Rxf7 Qg6 24. Re1 Rf6 25. Rfe7 Kb8 26. Rd1 Rd6 27. Rxd6 Qxd6 28. Rxg7 h6 29. Qf7 a5 30. Rh7 a4 31. Qg7 a3 32. Rxh6 Qd2 33. Rh8 Rxh8 34. Qxh8+ Ka7 35. Qg8 Qc2 36. Qe6 Nb6 37. Bf1 c5 38. h5 c4 39. Qe2 Qb1 40. h6 c3 41. Qd3 Qb2 42. h7 c2 43. h8=Q Qxh8 44. Qxc2 Qb2 45. Bd3 Qb4 46. Kg2 Nd7 47. Be4 Nc5 48. Bf3 Qd4 49. Qc1 Qb4 50. Qe3 Kb6 51. g4 Qb2 52. Bd5 Kb5 53. g5 b6 54. g6 Qf6 55. Qg3 Qg7 56. Bf7 Kb4 57. Qf4+ Ka5 58. Qd2+ Kb5 59. Qe2+ Ka5 60. Be8 Qb2 61. Qb5+ 1-0

[Event "Batumi 85/357"]
[Site "?"]
[Date "2002.??.??"]
[Round "?"]
[White "Krasenkow, M."]
[Black "Galkin, A."]
[Result "1/2-1/2"]
[WhiteElo "2641"]
[BlackElo "2569"]
[PlyCount "91"]
[EventDate "2002.??.??"]
[Source "Chess Informant"]
[SourceDate "2002.06.01"]

1. d4 d5 2. c4 e6 3. Nc3 c6 4. e4 dxe4 5. Nxe4 Bb4+ 6. Bd2 Qxd4 7. Bxb4 Qxe4+ 8. Be2 Na6 9. Bd6 b6 10. Nf3 Bb7 11. Qd2 c5 12. O-O O-O-O 13. Rfd1 Nh6 14. Bf1 f6 15. Qc3 e5 16. Nxe5 fxe5 17. Bxe5 Nf5 18. Re1 Qg4 19. f3 Qg5 20. g3 Qh5 21. h4 Rd7 22. Bh3 Rhd8 23. Bf4 Qf7 24. Bg5 Rf8 25. Rad1 g6 26. Rxd7 Qxd7 27. Re7 Qd4+ 28. Qxd4 cxd4 29. Rxh7 Bxf3 30. h5 Bxh5 31. g4 Bxg4 32. Bxg4 Nc7 33. Rg7 Kb8 34. Rxg6 Ne3 35. Be2 Na6 36. Bf6 Re8 37. Rg7 Nc5 38. Bh5 Re4 39. Bf3 d3 40. Bc3 Re8 41. b3 Ne4 42. Bxe4 Rxe4 43. Rd7 Nd1 44. Rxd3 Nxc3 45. Rxc3 Re2 46. a3 1/2-1/2